La viga solera apoyada en medio elástico /

Guardado en:
Autor Principal: Weder, Roberto.
Otros Autores: Wyk, Juan C. van.
Formato: Libro
Idioma:Spanish
Publicado: Rosario : Universidad, 1943.
Etiquetas: Agregar Etiqueta
Sin Etiquetas, Sea el primero en etiquetar este registro!
LEADER 00501nam a22001575a 4500
001 EUN.um036813
003 AR-BaUNS
005 20050623122909.0
008 041125s1943####ag#a##########000#0#spa#d
245 1 3 |a La viga solera apoyada en medio elástico /  |c Roberto Weder, Juan C. van Wyk. 
260 |a Rosario :  |b Universidad,  |c 1943. 
300 |a 87 p. :  |b ilus. ;  |c 25,5 cm. 
100 1 |a Weder, Roberto. 
700 1 |a Wyk, Juan C. van. 
082 0 4 |a 624.171 
859 |a Ar-BaUNS  |b BIB. CENTRAL - Sector C  |h 624.171  |i W415  |p 145/948